[Event "GER-ch36 fin email"]
[Site "GER email"]
[Date "2006.10.05"]
[Round "?"]
[White "Neumann, Kurt"]
[Black "Stern, Werner"]
[Result "1/2-1/2"]
[WhiteElo "2364"]
[BlackElo "2346"]
[PlyCount "79"]
[EventDate "2006.??.??"]
[EventType "tourn (corr)"]
[EventRounds "12"]
[EventCountry "GER"]
[SourceTitle "Corr 2008"]
[Source "ChessBase"]
[SourceDate "2008.06.24"]
[SourceVersion "1"]
[SourceVersionDate "2008.06.24"]
[SourceQuality "1"]

1. e4 c5 2. Nf3 d6 3. d4 cxd4 4. Nxd4 Nf6 5. Nc3 a6 6. Be3 e5 7. Nb3 Be6 8. f3 Be7 9. Qd2 0-0 10. 0-0-0 b5 11. g4 Nbd7 12. g5 Nh5 13. Nd5 Bxd5 14. exd5 f5 15. gxf6 Bxf6 16. Bd3 Nb6 17. Na5 Qc7 18. Nc6 Rac8 19. Bxb6 Qxb6 20. Qb4 Qc7 21. Kb1 Qd7 22. Be4 Nf4 23. h4 Bd8 24. c4 bxc4 25. Qxc4 Qb7 26. h5 a5 27. Qc2 h6 28. Qa4 Kh8 29. Qa3 Rf6 30. Ka1 Ra8 31. Qa4 Qf7 32. Qb5 Qd7 33. Bc2 Qc7 34. Rdg1 Rf8 35. Qc4 Qf7 36. Rd1 Bg5 37. Qe4 Qg8 38. Rdg1 Bf6 39. Rd1 Bg5 40. Rdg1 1/2-1/2

[Event "GER-ch32 fin email"]
[Site "GER email"]
[Date "2002.04.16"]
[Round "?"]
[White "Hechler, Georg"]
[Black "Neumann, Kurt"]
[Result "1/2-1/2"]
[WhiteElo "2412"]
[BlackElo "2470"]
[PlyCount "114"]
[EventDate "2002.04.16"]
[EventType "tourn (corr)"]
[EventRounds "14"]
[EventCountry "GER"]
[SourceTitle "Corr 2008"]
[Source "ChessBase"]
[SourceDate "2008.06.24"]
[SourceVersion "1"]
[SourceVersionDate "2008.06.24"]
[SourceQuality "1"]

1. d4 Nf6 2. c4 e6 3. Nc3 Bb4 4. Qc2 0-0 5. a3 Bxc3+ 6. Qxc3 b6 7. Bg5 Bb7 8. f3 h6 9. Bh4 d5 10. e3 Nbd7 11. cxd5 Nxd5 12. Bxd8 Nxc3 13. Bh4 Nd5 14. Bf2 c5 15. Bb5 Rfd8 16. e4 Nc7 17. Bxd7 Rxd7 18. dxc5 f5 19. e5 bxc5 20. Bxc5 Rd5 21. Rc1 Rxe5+ 22. Kf2 Rd8 23. Be3 Nd5 24. Bd4 Nf4 25. Bxe5 Nd3+ 26. Ke3 Nxc1 27. Ne2 Nxe2 28. Kxe2 Ba6+ 29. Kf2 Rd2+ 30. Kg3 Re2 31. Bb8 Rxb2 32. Bxa7 e5 33. h4 f4+ 34. Kh3 Kf7 35. Re1 Be2 36. h5 Kf6 37. Bc5 Bb5 38. Bd6 Bd7+ 39. Kh2 Rb5 40. g3 fxg3+ 41. Kxg3 Rd5 42. Bb4 Rd3 43. Kf2 Bc6 44. Re3 Rxe3 45. Kxe3 Be8 46. Ke4 Bxh5 47. Bc3 Ke6 48. f4 Bg6+ 49. Kf3 e4+ 50. Kf2 Kf7 51. a4 Bf5 52. Ke3 g6 53. a5 Ke7 54. a6 Bc8 55. Kxe4 Bxa6 56. Ke5 Bd3 57. Be1 Bf5 1/2-1/2

[Event "GER-ch32 fin email"]
[Site "GER email"]
[Date "2002.04.16"]
[Round "?"]
[White "Looschelders, Willi"]
[Black "Neumann, Kurt"]
[Result "1/2-1/2"]
[WhiteElo "2293"]
[BlackElo "2470"]
[PlyCount "68"]
[EventDate "2002.04.16"]
[EventType "tourn (corr)"]
[EventRounds "14"]
[EventCountry "GER"]
[SourceTitle "Corr 2008"]
[Source "ChessBase"]
[SourceDate "2008.06.24"]
[SourceVersion "1"]
[SourceVersionDate "2008.06.24"]
[SourceQuality "1"]

1. e4 c5 2. Nf3 d6 3. d4 cxd4 4. Nxd4 Nf6 5. Nc3 a6 6. f3 e6 7. Be3 b5 8. g4 h6 9. Qd2 Nbd7 10. 0-0-0 Bb7 11. h4 b4 12. Na4 Qa5 13. b3 Nc5 14. a3 Nxa4 15. axb4 Qc7 16. bxa4 d5 17. e5 Nd7 18. f4 Nb6 19. f5 Nxa4 20. fxe6 Nc3 21. exf7+ Kxf7 22. Bd3 Bxb4 23. Rdf1+ Kg8 24. Qf2 Ba3+ 25. Kd2 Ne4+ 26. Bxe4 dxe4 27. g5 Bd5 28. e6 Rf8 29. Qg2 Rc8 30. Rf7 Qc3+ 31. Kd1 h5 32. Rd7 Bc4 33. Bf4 Bd3 34. Be5 Qa1+ 1/2-1/2

[Event "GER-ch32 fin email"]
[Site "GER email"]
[Date "2002.04.16"]
[Round "?"]
[White "Neumann, Kurt"]
[Black "Rosenkranz, Hartmut"]
[Result "1-0"]
[WhiteElo "2470"]
[BlackElo "2320"]
[PlyCount "129"]
[EventDate "2002.04.16"]
[EventType "tourn (corr)"]
[EventRounds "14"]
[EventCountry "GER"]
[SourceTitle "Corr 2008"]
[Source "ChessBase"]
[SourceDate "2008.06.24"]
[SourceVersion "1"]
[SourceVersionDate "2008.06.24"]
[SourceQuality "1"]

1. e4 c6 2. d4 d5 3. Nc3 dxe4 4. Nxe4 Nd7 5. Ng5 Ngf6 6. Bd3 e6 7. N1f3 Bd6 8. Qe2 h6 9. Ne4 Nxe4 10. Qxe4 Qc7 11. 0-0 b6 12. Qg4 g5 13. Qh3 Rg8 14. Nd2 Bb7 15. a4 c5 16. dxc5 g4 17. Qh4 Be7 18. Qg3 Qxg3 19. hxg3 Nxc5 20. Be2 h5 21. a5 f6 22. b4 Ne4 23. Nxe4 Bxe4 24. axb6 axb6 25. Rxa8+ Bxa8 26. c3 Kf7 27. Be3 Rc8 28. Ra1 Be4 29. Ra3 Bd8 30. Ra7+ Kf8 31. Bh6+ Ke8 32. f3 Bd5 33. Bd3 Rc7 34. Bg6+ Kd7 35. Rxc7+ Bxc7 36. Kf2 f5 37. Be3 Kc6 38. Bxh5 gxf3 39. Be8+ Kd6 40. gxf3 Bc4 41. Bg5 e5 42. Ke3 b5 43. Kd2 f4 44. g4 Bd5 45. Ke2 Bc4+ 46. Ke1 Bd5 47. Kf2 Bb6+ 48. Kg2 Bc4 49. Bh6 Ke7 50. Bg6 Be3 51. Bg7 Kd6 52. Bf5 Be6 53. Bf8+ Kd7 54. Be4 Bb6 55. Bg7 Kd6 56. Bd3 Be3 57. Bxb5 Bd2 58. Bf8+ Kd5 59. c4+ Kd4 60. g5 e4 61. g6 Ke5 62. fxe4 Kxe4 63. Bc5 Bc3 64. Bc6+ Kd3 65. Bd5 1-0

[Event "GER-ch32 fin email"]
[Site "GER email"]
[Date "2002.04.16"]
[Round "?"]
[White "Neumann, Kurt"]
[Black "Schreiber, Kurt"]
[Result "1/2-1/2"]
[WhiteElo "2470"]
[BlackElo "2306"]
[PlyCount "59"]
[EventDate "2002.04.16"]
[EventType "tourn (corr)"]
[EventRounds "14"]
[EventCountry "GER"]
[SourceTitle "Corr 2008"]
[Source "ChessBase"]
[SourceDate "2008.06.24"]
[SourceVersion "1"]
[SourceVersionDate "2008.06.24"]
[SourceQuality "1"]

1. e4 e5 2. Nf3 Nc6 3. Bb5 a6 4. Ba4 Nf6 5. 0-0 Be7 6. Re1 b5 7. Bb3 0-0 8. c3 d5 9. exd5 Nxd5 10. Nxe5 Nxe5 11. Rxe5 c6 12. d4 Bd6 13. Re1 Qh4 14. g3 Qh3 15. Be3 Bg4 16. Qd3 Rae8 17. Nd2 f5 18. Qf1 Qh5 19. f4 Kh8 20. Bxd5 cxd5 21. Qg2 g5 22. Qxd5 Rd8 23. Qc6 gxf4 24. Bxf4 Bxf4 25. gxf4 Rc8 26. Qd5 Rg8 27. Kh1 Rce8 28. Rxe8 Rxe8 29. Rg1 h6 30. a3 1/2-1/2

[Event "GER-ch32 fin email"]
[Site "GER email"]
[Date "2002.04.16"]
[Round "?"]
[White "Risch, Herbert"]
[Black "Neumann, Kurt"]
[Result "0-1"]
[WhiteElo "2292"]
[BlackElo "2470"]
[PlyCount "39"]
[EventDate "2002.04.16"]
[EventType "tourn (corr)"]
[EventRounds "14"]
[EventCountry "GER"]
[SourceTitle "Corr 2008"]
[Source "ChessBase"]
[SourceDate "2008.06.24"]
[SourceVersion "1"]
[SourceVersionDate "2008.06.24"]
[SourceQuality "1"]

1. e4 c5 2. Nf3 d6 3. d4 cxd4 4. Nxd4 Nf6 5. Nc3 a6 6. Be2 e6 7. Be3 Qc7 8. f4 b5 9. a3 Bb7 10. Bf3 Nbd7 11. Qe2 Rc8 12. 0-0 Nb6 13. e5 Bxf3 14. Nxf3 Nfd5 15. Nxd5 Nxd5 16. c3 dxe5 17. fxe5 Nxe3 18. Qxe3 Bc5 19. Nd4 0-0 20. Rae1 0-1

[Event "GER-ch30 V04 corr"]
[Site "GER corr"]
[Date "1998.??.??"]
[Round "?"]
[White "Bellmann, Herbert"]
[Black "Neumann, Kurt"]
[Result "1/2-1/2"]
[WhiteElo "2166"]
[BlackElo "2204"]
[PlyCount "80"]
[EventDate "1998.??.??"]
[EventType "tourn (corr)"]
[EventRounds "10"]
[EventCountry "GER"]
[SourceTitle "Corr 2002"]
[Source "ChessBase"]
[SourceDate "2002.05.23"]
[SourceVersion "1"]
[SourceVersionDate "2002.05.23"]
[SourceQuality "1"]

1. d4 Nf6 2. c4 e6 3. Nc3 Bb4 4. Qc2 0-0 5. a3 Bxc3+ 6. Qxc3 b6 7. Bg5 Bb7 8. f3 h6 9. Bh4 d5 10. e3 Nbd7 11. Nh3 c5 12. cxd5 cxd4 13. Qxd4 e5 14. Qd1 Bxd5 15. Bb5 a6 16. Bxd7 Qxd7 17. Bxf6 gxf6 18. 0-0 Rfd8 19. f4 Bc4 20. Qxd7 Rxd7 21. Rfd1 Rad8 22. Nf2 Kg7 23. Rxd7 Rxd7 24. Rd1 Rd5 25. Rxd5 Bxd5 26. e4 Bc4 27. f5 Be2 28. Nh1 Bd3 29. Ng3 Kf8 30. Kf2 Ke7 31. Ke3 Bc4 32. b4 Kd6 33. Ne2 Bb3 34. Nc3 Kd7 35. Kf3 Ke7 36. Kg4 Kf8 37. Kf3 Ke7 38. Ke3 Kd7 39. g3 Ke7 40. h3 Ke8 1/2-1/2